000 00893nam a22002657a 4500
005 20210325203308.0
008 s2007 eng d
020 _a0379004674
040 _aNALT
041 _aeng
090 _aKA 25
_bC66 2007 v.2
245 0 0 _aConstitutions of the countries of the world 2007 vol. II.
260 _aNew York :
_bOceana,
_c2007
300 _a20 v. ;
_c 27 cm.
650 4 _aConstitutions
_950482
_zBhutan
650 4 _aConstitutions
_950483
_zBelgium
650 4 _aConstitutions
_950484
_zBelarus
650 0 _aConstitutions
_950486
_zBolivia
650 4 _aConstitutions
_950487
_zBenin
650 0 0 _aConstitutions
_950485
_zBangladesh
650 4 _aConstitutions
_950488
_zBahrain
850 _aNALT
942 _cREF
_2local
998 _j109
_k อารีรัตน์ วิชาช่าง
999 _c57805
_d57805